LEADER 01385cam0-22004091i-450 001 990000770250403321 005 20210707125139.0 035 $a000077025 035 $aFED01000077025 035 $a(Aleph)000077025FED01 035 $a000077025 100 $a20020821d1981----km-y0itay50------ba 101 0 $aita 102 $aIT 105 $ay-------001yy 200 1 $a<>sole e l'habitat$eatti del concorso nazionale per l'impiego dell'energia solare nell'edilizia residenziale e scolastica indetto dal Ministero dell'Industria e dell'IN/ARCH., Istituto Nazionale di Architettura$eil seminario propedeutico di aggiornamento tecnico$ei 162 progetti presentati al concorso 210 $aRoma$cEdizioni Kappa$dc1981 215 $aXI, 500 p.$d23 cm 610 0 $aEnergia solare 610 0 $aEdilizia 610 0 $aSole$aEnergia$aImpiego in edilizia$aSaggi 676 $a681.111 676 $a690$v18$zita 710 01$aItalia.$bMinistero dell'industria, del commercio e dell'artigianato$0375475 801 0$aIT$bUNINA$gRICA$2UNIMARC 901 $aBK 912 $a990000770250403321 952 $aTECN B 750$bINV.12934$fFARBC 952 $a328077$b3304$fDCATA 952 $a328078$b3305$fDCATA 952 $a01 H 2085$fDINST 959 $aFARBC 959 $aDCATA 959 $aDINST 996 $aSole e l'habitat$9350233 997 $aUNINA DB $aING01 LEADER 01251nam 2200289la 450 001 9910481487903321 005 20230503102730.0 035 $a(UK-CbPIL)2090364352 035 $a(CKB)5500000000105637 035 $a(EXLCZ)995500000000105637 100 $a20230503d1523 uy | 101 0 $alat 135 $aurcn||||a|bb| 200 10$aC. Valerii Flacci Argonautiapproximately Io. Baptistae Pij carmen ex quarto Argonauticon Apollonij. Orphei Argonautica innominato interprete 210 $aVenice $cAldo Eredi di Manuzio, 1449 or 50-1515 & Torresanus, Andreas, de Asula, 1451-1529$d1523 215 $aOnline resource (146, \2! c., 8°.) 300 $aReproduction of original in Biblioteca Nazionale Centrale di Firenze. 700 $aValerius Flaccus$b Gaius$factive 1st century.$0186593 701 $aPio$b Giovanni Battista$f1540?.$0717366 701 $aCrinito$b Pietro$f1465-approximately 1504.$0192932 701 $aManuzio$b Aldo$f1449 or 1450-1515.$0743643 801 0$bUk-CbPIL 801 1$bUk-CbPIL 906 $aBOOK 912 $a9910481487903321 996 $aC. Valerii Flacci Argonautiapproximately Io. Baptistae Pij carmen ex quarto Argonauticon Apollonij. Orphei Argonautica innominato interprete$92228628 997 $aUNINA